| 000 | 00621nam a2200181Ia 4500 | ||
|---|---|---|---|
| 008 | 090123s9999 xx 000 0 und d | ||
| 082 | _b24051 | ||
| 100 | _aमंगळवेढेकर राजा | ||
| 245 | _aशिक्षक मित्रांनो | ||
| 250 | _a0 | ||
| 260 |
_bपृथ्वी प्रकाशन _c1994 |
||
| 300 | _a105 | ||
| 600 | _aमंगळवेढेकर राजा | ||
| 630 | _aशिक्षक मित्रांनो | ||
| 700 | _aमंगळवेढेकर राजा | ||
| 730 | _aशिक्षक मित्रांनो | ||
| 942 | _cBOOK | ||
| 999 |
_c62122 _d62122 |
||